000 00617nam a2200229Ia 4500
003 OSt
005 20221201095207.0
008 210423s2005 xx 000 0 und d
020 _a8176488070
040 _cAL
041 _aeng
082 _a628 GHOT
100 _aGHOSH (T K);others.
_964423
245 _aBiotechnology environmental management.
260 _aNew Delhi
_bA P H Publishing Corporation
_c2005
300 _axvii,389-715
_bPB
365 _b2996
_cINR
440 _v1
650 _aEnvironmental Engineering
_964424
906 _aBiotechnology ; environmental ; management.
942 _2ddc
_cBK
999 _c163097
_d163097